Art : (Record no. 283949)
[ view plain ]
| 000 -LEADER | |
|---|---|
| fixed length control field | 00791nam a22002657a 4500 |
| 003 - CONTROL NUMBER IDENTIFIER | |
| control field | OSt |
| 005 - DATE AND TIME OF LATEST TRANSACTION | |
| control field | 20150511141257.0 |
| 008 - FIXED-LENGTH DATA ELEMENTS--GENERAL INFORMATION | |
| fixed length control field | 130201t xxu||||| |||| 00| 0 eng d |
| 020 ## - INTERNATIONAL STANDARD BOOK NUMBER | |
| International Standard Book Number | 9711109336 |
| 050 ## - LIBRARY OF CONGRESS CALL NUMBER | |
| Classification number | NX 280 |
| Item number | .Or77 1976 |
| 082 ## - DEWEY DECIMAL CLASSIFICATION NUMBER | |
| Classification number | FIL 701 |
| 100 ## - MAIN ENTRY--PERSONAL NAME | |
| Personal name | Ortiz, Ma. Aurora R. |
| 245 ## - TITLE STATEMENT | |
| Title | Art : |
| Remainder of title | perception and appreciation / |
| Statement of responsibility, etc | Ma. Aurora R. Ortiz, Teresita E. Erestain, Alice G. Guillermo, Myrna C. Montano, Santiago A. Pilar. |
| 260 ## - PUBLICATION, DISTRIBUTION, ETC. (IMPRINT) | |
| Place of publication, distribution, etc | Manila : |
| Name of publisher, distributor, etc | University of the East, |
| Date of publication, distribution, etc | 1976. |
| 300 ## - PHYSICAL DESCRIPTION | |
| Extent | xii, 340 pages : |
| Dimensions | 26 cm. |
| Other physical details | illustrations ; |
| 500 ## - GENERAL NOTE | |
| General note | Includes bibliographical reference and index. |
| 526 ## - STUDY PROGRAM INFORMATION NOTE | |
| Reading level | 1210L-1700L |
| 562 ## - COPY AND VERSION IDENTIFICATION NOTE | |
| Number of copies | 4 |
| 650 ## - SUBJECT ADDED ENTRY--TOPICAL TERM | |
| Topical term or geographic name as entry element | Art. |
| 942 ## - ADDED ENTRY ELEMENTS (KOHA) | |
| Source of classification or shelving scheme | Library of Congress Classification |
| Koha item type | Books |
| Withdrawn status | Lost status | Source of classification or shelving scheme | Damaged status | Home library | Current library | Shelving location | Date acquired | Source of acquisition | Sub Shelving location | Total Checkouts | Total Renewals | Full call number | Barcode | Date last seen | Date checked out | Price effective from | Koha item type |
|---|---|---|---|---|---|---|---|---|---|---|---|---|---|---|---|---|---|
| Library of Congress Classification | Archives | Archives | 06/03/2015 | Donation | 1 | 1 | NX 280 .Or77 1976 | C19509 | 02/07/2019 | 01/07/2019 | 06/03/2015 | Books | |||||
| Library of Congress Classification | College Library | College Library | Filipiniana Section | 05/13/2015 | Library Fund | 4 | 20 | NX 280 .Or77 1976 | C19279 | 02/02/2016 | 08/24/2015 | 05/13/2015 | Books | ||||
| Library of Congress Classification | College Library | College Library | Filipiniana Section | 05/13/2015 | Library Fund | NX 280 .Or77 1976 | C19280 | 05/08/2018 | 05/13/2015 | Books | |||||||
| Library of Congress Classification | Southville International School Affiliated with Foreign Universities Library | Southville International School Affiliated with Foreign Universities Library | Southville Foreign University Section | 05/11/2015 | Library Fund | 1 | 1 | NX 280 .Or77 1976 | SFU1927 | 08/16/2019 | 08/02/2019 | 05/11/2015 | Books |